[Event "AUS-ch U14"]
[Site "Wahroonga"]
[Date "2014.01.18"]
[Round "8"]
[White "Bai, George"]
[Black "Zhong, Tony Junhao"]
[Result "0-1"]
[WhiteElo "1712"]
[BlackElo "1763"]
[PlyCount "118"]
[EventDate "2014.01.11"]
[EventType "swiss"]
[EventRounds "9"]
[EventCountry "AUS"]
[SourceTitle "EXT 2020"]
[Source "ChessBase"]
[SourceDate "2019.10.17"]
[SourceVersion "1"]
[SourceVersionDate "2019.10.17"]
[SourceQuality "1"]

1. e4 c5 2. Nf3 d6 3. Bb5+ Bd7 4. Bxd7+ Nxd7 5. d4 cxd4 6. Nxd4 Ngf6 7. Nc3 a6 8. 0-0 e6 9. Be3 Be7 10. Qe2 0-0 11. Rad1 Qc7 12. f4 b5 13. f5 b4 14. Nb1 e5 15. Nb3 Nxe4 16. Rc1 d5 17. N1d2 Nxd2 18. Nxd2 Bc5 19. Bxc5 Nxc5 20. Nb3 Rad8 21. Nxc5 Qxc5+ 22. Kh1 Qd6 23. Qg4 e4 24. f6 g6 25. Qg5 Rfe8 26. Qh6 Qf8 27. Qh3 Re5 28. Rf4 e3 29. Rh4 e2 30. Re1 h5 31. g4 Qh6 32. gxh5 Qd2 33. Qg3 Rf5 34. hxg6 Qxe1+ 35. Qxe1 Rf1+ 36. Kg2 Rxe1 37. Kf2 Rf1+ 38. Kxe2 Rxf6 39. gxf7+ Kxf7 40. Rxb4 Re8+ 41. Kd2 Rf2+ 42. Kd3 Rf3+ 43. Kd2 Rf2+ 44. Kd3 Rxh2 45. Rb7+ Re7 46. Rb6 Rc7 47. c3 Ke7 48. Kd4 Rd2+ 49. Ke3 Rh2 50. Kd4 Kd7 51. Kxd5 Rh5+ 52. Kd4 Rb5 53. Rxa6 Rxb2 54. Ra3 Rd2+ 55. Ke3 Rd6 56. Ke4 Kc6 57. Ra6+ Kc5 58. Ra4 Re7+ 59. Kf5 Rd3 0-1